00373nam a2200145Ia 4500003000400000008004100004040001600045082001700061100001900078245004400097260003000141650001500171650001900186650002200205GCL140319s9999 xx 000 0 eng d aGCL / cGCL04aCHb843bJ L1 aJOST, D' ALAIN10aLASSIE: LE SAUVETAGE / cJOST, D' ALAIN a[S.N] : bHEMMA ، c199404aLITERATURE04aFRENCH FICTION04aFRENCH LITERATURE